Tomáš a Alice stavějí chatu

Bibliographic Details
Main Author: Marlier, Marcel, 1930-2011 (Author, Illustrator)
Other Authors: Lukavská, Eva, 1950- (Translator)
Format: Book
Language:Czech
French
PhysicalDescription:61 s. ilustr. 25 cm
Published: Bratislava Junior 1995
ISBN:8071463213
Subjects:

MARC

LEADER 00000cam a2200000 a 4500
001 vtls001078210
003 SK-MaSNL
005 20260301232940.0
008 250414s1995 xo a a 0000j cze
015 |a SNBA1995/04 
020 |a 8071463213 
035 |a SNK000021045 
040 |a SNK  |b slo  |c SNK  |e AACR2 
041 1 |a cze  |h fre 
044 |a xo  |c SK 
072 7 |a 821.133.1-3  |x Francúzska próza, francúzsky písaná  |2 konspekt 
072 7 |a 821-93  |x Literatúra pre deti a mládež (beletria)  |2 konspekt 
080 |a 821.133.1(493)-32  |2 2001 
080 |a 821-93  |2 2001 
080 |a (0:82-32)  |2 2001 
100 1 |a Marlier, Marcel,  |d 1930-2011  |4 aut  |4 ill  |9 218892 
245 1 0 |a Tomáš a Alice stavějí chatu  |c text a ilustrace Marcel Marlier ; překlad Eva Lukavská 
246 1 4 |a Dobrodružství Tomáše a Alice 
260 |a Bratislava  |b Junior  |c 1995 
300 |a 61 s.  |b ilustr.  |c 25 cm 
500 |a Preložené z francúzštiny 
655 7 |a belgické príbehy (francúzsky)  |2 SNKPH  |9 380412 
655 7 |a príbehy pre deti  |2 SNKPH  |9 86749 
655 7 |a literatúra pre deti  |2 SNKPH  |9 87135 
700 1 |a Lukavská, Eva,  |d 1950-  |4 trl  |9 9270 
700 1 |a Marlier, Marcel,  |d 1930-2011  |4 ill  |9 218892 
852 |a Slovenská národná knižnica 
919 |a 80-7146-321-3 
954 |a beletria cudzojazyčná (svetová)  |2 lita 
954 |a rozprávky autorské 
958 |a DE 
958 |a TL 
958 |a UP 
958 |a LX 
958 |a NS 
958 |a CZ 
968 |a [Čes]  |b FR  |d [Z franc. orig.] 
999 |c 963733  |d 965663 
952 |a SNK  |b SNK  |y PREZ  |7 0  |p 17A0995583  |o snkSC 87848  |0 0  |1 0  |4 0  |d 2012-08-28  |l 0  |r 2026-02-24 10:27:54  |w 2026-02-24 
952 |t P60, <05>, [BOOK], {605}  |a SNK  |b SNK  |y PREZ  |7 0  |p 17A0079795  |o snkSC 87848 D1  |0 0  |1 0  |4 0  |d 1997-07-10  |l 0  |r 2004-12-31 00:00:00  |w 2026-02-24